000 00477nam a2200181Ia 4500
005 20250508151456.0
008 008 250505s9999 xx 000 0 eng d
037 _aTextual
040 _aFEDL
_beng
_cFEDL
041 _aeng
_2eng
084 _aB, BOW
_qFEDL
100 _aBrooke Jockelyn
_9759230
245 0 _aElizabeth Bowen
260 _aLondon, UK
_bLongmans, Green and Co.
_c1952
300 _a32p.
942 _cTEXL
_hB, BOW
999 _c1330052
_d1330052